00700nam a2200205Ia 4500003000400000005001700004008004100021020001800062040002900080050002200109100003700131245008400168250000800252260003900260300003500299650001800334942001200352952011500364999001500479OSt20230318120855.0221216s9999||||xx |||||||||||||| ||und|| a99916-0-328-X cChuka University Library aHG 46 b.F56 2002 aS. Ikhide , Saudie Fitchal91551 4aThe financial system in Nambia: in commemoration of the first decade of Nambia/ a1st aGamberg MacmillanbWind-hookc2002 a115 P.bIncludes Abbreviations aBanking99060 cBK2lcc 001040708LGLaCHKbCHKcGENd2022-12-16l0oHG 46 .F56 2002p2164/2007r2022-12-16 00:00:00w2022-12-16yBK c2289d2289